| 000 | 00810nam a22002417a 4500 | ||
|---|---|---|---|
| 999 |
_c10892 _d10892 |
||
| 003 | AR-CdUCM | ||
| 008 | 190402b ||||| |||| 00| 0 spa d | ||
| 040 |
_aMUNICIPALIDAD PROVINCIAL DEL CUSCO _cBIBLIOTECA MUNICIPAL DEL CUSCO |
||
| 041 | _heng | ||
| 082 |
_a818.5 / _bW947S / 1941 |
||
| 100 |
_aWright, Richard _927953 |
||
| 245 | _aSangre negra / | ||
| 260 |
_aBuenos Aires : _bSudamericana, _c1941. |
||
| 300 |
_a566 páginas ; _c19 cm. |
||
| 440 |
_aColecciones Horizonte _927954 |
||
| 500 | _aDonación de la familia Nieto. Libro dañado, tapa delantera rota y sin tapa posterior. | ||
| 505 | _aContenido: Miedo -- Huída -- El destino. | ||
| 650 |
_aNovelas estadounidenses _9734 |
||
| 650 |
_aSiglo XX _98 |
||
| 700 |
_aLecuona, Pedro (traductor) _919954 |
||
| 942 |
_2ddc _cLIBROS |
||
| 945 | _acmm | ||